Sociology Education Studies Quiz Stats

 Plays Quiz not verified by Sporcle

Support Sporcle.
Go Orange.
Score 0/12 Timer 02:00
0 Plays Today
% Correct
Becker
76.9%
Bowles and Gintis
67%
Durkheim
64.8%
Ball
63.7%
The Sutton Trust
63.7%
McRobbie
59.3%
Parsons
58.2%
Willis
52.7%
Ball, Bowe and Gewirtz
49.5%
Halsey et al
44%
Douglas
35.2%
Wright
35.2%

You're not logged in!

Compare scores with friends on all Sporcle quizzes.
OR
Log In

From the Vault

Mac OS X Codenames

by aoltarsh

This quiz asks the question, what do software and rather large cats have in common?
Remove Ads.
Support Sporcle.
Get the best of Sporcle when you Go Orange. This ad-free experience offers more features, more stats, and more fun while also helping to support Sporcle. Thank you for becoming a member.

Show Comments

Extras

Created Feb 21, 2020ReportNominate
Tags:Education, Sociology, Study

Top Quizzes Today


Score Distribution

Your Account Isn't Verified!

In order to create a playlist on Sporcle, you need to verify the email address you used during registration. Go to your Sporcle Settings to finish the process.

Report this User

Report this user for behavior that violates our Community Guidelines.

Details: